Tigres UANL top scorers - Statistics

General Stats
  • This quiz has been taken 5 times
  • The average score is 4 of 10
Answer Stats
Hint Answer % Correct
1 Gignac
100%
2 Tomas Boy
75%
9 Juninho
50%
4 Lucas Lobos
50%
7 Alan Pulido
25%
8 Claudio Nuñez
25%
3 Walter Gaitan
25%
5 Andres Silvera
0%
6 Eduardo Vargas
0%
10 Jesus Olalde
0%
No matching quizzes found
Score Distribution
Percent of People with Each Score
Percentile by Number Answered
Your Score History
You have not taken this quiz